Los niños y la literatura fantástica: función y poder de los imaginario
Wedi'i Gadw mewn:
| Prif Awdur: | |
|---|---|
| Fformat: | Llyfr |
| Iaith: | Sbaeneg |
| Cyhoeddwyd: |
Barcelona
Paidós
1987
|
| Cyfres: | Paidós Educador, 80
|
| Pynciau: | |
| Tagiau: |
Ychwanegu Tag
Dim Tagiau, Byddwch y cyntaf i dagio'r cofnod hwn!
|
MARC
| LEADER | 00000nam a2200000 a 4500 | ||
|---|---|---|---|
| 001 | UCW7348 | ||
| 003 | CL-VaPUC | ||
| 008 | 921110e19870000SP |||||||||||||||||spa|d | ||
| 082 | 0 | 4 | |a 808.068 |b HEL |2 21 |
| 100 | 0 | |a Held, Jacqueline |e author |9 312494 | |
| 245 | 1 | 4 | |a Los niños y la literatura fantástica: función y poder de los imaginario |
| 300 | |a 188 p | ||
| 942 | |c BK | ||
| 945 | |d 19921110 00:00:00 | ||
| 260 | |a Barcelona |b Paidós |c 1987 | ||
| 650 | 0 | |a Literatura infantil |9 307465 | |
| 650 | 0 | |a Historia y crítica |9 257407 | |
| 650 | 0 | |a Literatura fantástica |9 266050 | |
| 650 | 7 | |a LO SOBRENATURAL EN LA LITERATURA |2 CL-VaPUC |9 312495 | |
| 583 | |a last modification |c 19921110 00:00:00 |k Rodrigo Vera | ||
| 490 | 0 | |a Paidós Educador, 80 | |
| 999 | |c 220135 |d 220133 | ||
| 952 | |0 0 |1 0 |4 0 |6 808_068000000000000_HEL_1987 |7 0 |8 A |9 211968 |a BIBEDU |b BIBEDU |d 2019-11-15 |i 2801965 |o 808.068 HEL 1987 |p 2801965 |r 2019-11-15 |w 2019-11-15 |y BK |k EDU | ||
| 952 | |0 0 |1 0 |4 0 |6 808_068000000000000_HEL_1987 |7 0 |8 A |9 211969 |a BIBEDU |b BIBEDU |d 2019-11-15 |i 2801973 |o 808.068 HEL 1987 |p 2801973 |r 2019-11-15 |w 2019-11-15 |y BK |k EDU | ||